| Tag |
First Indicator |
Second Indicator |
Subfields |
| LEADER |
00000cam a2200000 a 4500 |
| 001 |
in00000096106 |
| 005 |
20150923173954.0 |
| 008 |
800908s1981 nyua 00110 engm |
| 010 |
|
|
|a 80022466
|
| 020 |
|
|
|a 0668046791 :
|c $9.95
|
| 020 |
|
|
|a 0668046864 (pbk.) :
|c $5.95
|
| 035 |
|
|
|a (OCoLC)06761749
|
| 035 |
|
|
|9 AAK8500AM
|
| 040 |
|
|
|a DLC
|c DLC
|d m.c.
|d VET
|d TXA
|d UtOrBLW
|
| 049 |
|
|
|a TXAM
|c [1362644]
|
| 050 |
0 |
0 |
|a RC933
|b H365
|
| 082 |
0 |
|
|a 616.7/22
|2 19
|
| 096 |
|
|
|a WE 344 H325 1981
|
| 100 |
1 |
|
|a Hart, F. Dudley
|q (Francis Dudley)
|
| 245 |
1 |
0 |
|a Overcoming arthritis :
|b a guide to coping with stiff or aching joints /
|c Frank Dudley Hart.
|
| 264 |
|
1 |
|a New York :
|b Arco Pub. Co.,
|c 1981.
|
| 300 |
|
|
|a 122 pages :
|b illustrations (some color) ;
|c 23 cm.
|
| 336 |
|
|
|a text
|b txt
|2 rdacontent
|
| 337 |
|
|
|a unmediated
|b n
|2 rdamedia
|
| 338 |
|
|
|a volume
|b nc
|2 rdacarrier
|
| 490 |
1 |
|
|a Positive health guide
|
| 500 |
|
|
|a Includes index.
|
| 650 |
|
0 |
|a Arthritis.
|
| 650 |
|
2 |
|a Arthritis
|x popular works.
|
| 830 |
|
0 |
|a Positive health guide.
|
| 999 |
|
|
|a MARS
|
| 999 |
f |
f |
|s 90250943-43c5-389a-87dc-c532f127636b
|i 8864e4d0-dd74-3b73-97db-4fb72ab3b40f
|t 0
|
| 952 |
f |
f |
|p normal
|a Texas A&M University
|b College Station
|c Sterling C. Evans Library
|d Evans: Library Stacks
|t 0
|e RC933 H365
|h Library of Congress classification
|i unmediated -- volume
|m A14806039020
|
| 998 |
f |
f |
|a RC933 H365
|t 0
|l Evans: Library Stacks
|